Normal view
MARC view
Entry Personal Name
001 - CONTROL NUMBER
- control field: 724095
003 - CONTROL NUMBER IDENTIFIER
- control field: OSt
005 - DATE AND TIME OF LATEST TRANSACTION
- control field: 20240920105750.0
008 - FIXED-LENGTH DATA ELEMENTS
- fixed length control field: 240920|| aca||aabn | a|a d
040 ## - CATALOGING SOURCE
- Original cataloging agency: OSt
- Transcribing agency: OSt
100 ## - HEADING--PERSONAL NAME
- Personal name: Ibrahim Michel Au.; Farhat Fadi A. Tr
670 ## - SOURCE DATA FOUND
- Source citation: Work cat.: (OSt)1217846: Ibrahim Michel Au.; Farhat Fadi A. Tr., Qamoos al mustalhat al-tabiya: Dictionary of Medical terms (English-Arabic), 2006
